000
00316nam a22001097a 4500
020
_a
9788182744691
082
_a
340.59 ENC
245
_a
Encyclopaedia of Islamic Law /
_c
Edited By Arif Ali Khan
260
_a
New Delhi :
_b
Pentagon Press,
_c
2010.
942
_2
ddc
_c
REF
999
_c
586885
_d
586885